[Event "XIX Najdorf Memorial 2019"]
[Site "Warsaw"]
[Date "2019.07.13"]
[Round "8.3"]
[White "Sedlak, Nikola"]
[Black "Noe, Christopher"]
[Result "1-0"]
[WhiteElo "2586"]
[BlackElo "2534"]
[Annotator "ChessBase"]
[PlyCount "57"]
[EventDate "2019.07.06"]
[EventType "swiss"]
[EventCountry "POL"]
[SourceTitle "playchess.com"]
[Source "ChessBase"]
[SourceQuality "1"]
[TimeControl "40/5400+30:1800+30"]

1. d4 {[%emt 0:00:05]} Nf6 {[%emt 0:00:00]} 2. Nf3 {[%emt 0:00:18]} d5 {[%emt 0:00:00]} 3. Bf4 {[%emt 0:02:15]} c5 {[%emt 0:00:00]} 4. e3 {[%emt 0:00:17]} Nc6 {[%emt 0:00:00]} 5. Nbd2 {[%emt 0:01:28]} e6 {[%emt 0:00:01]} 6. c3 {[%emt 0:00:24]} Bd6 {[%emt 0:00:05]} 7. Bg3 {[%emt 0:00:34]} O-O {[%emt 0:00:06]} 8. Bd3 {[%emt 0:00:38]} b6 {[%emt 0:00:05]} 9. Qe2 {[%emt 0:01:07]} Bb7 {[%emt 0:00:05]} 10. Rd1 {[%emt 0:00:48]} Re8 {[%emt 0:00:04]} 11. e4 {[%emt 0:00:39]} Be7 {[%emt 0:00:05]} 12. e5 {[%emt 0:00:09]} Nh5 {[%emt 0:00:17]} 13. h4 {[%emt 0:00:24]} g6 {[%emt 0:28:39]} 14. Bh2 {[%emt 0:00:33]} cxd4 {[%emt 0:17:08]} 15. Nxd4 {[%emt 0:27:26]} Nxd4 {[%emt 0:08:34]} 16. cxd4 {[%emt 0:02:34]} Ng7 {[%emt 0:01:45]} 17. g4 {[%emt 0:18:03]} a5 {[%emt 0:21:39]} 18. h5 {[%emt 0:01:45]} Rf8 {[%emt 0:00:05]} 19. Bf4 {[%emt 0:01:43]} Qc8 {[%emt 0:04:28]} 20. Qe3 {[%emt 0:02:44]} Ba6 {[%emt 0:02:38]} 21. Bb1 {[%emt 0:01:09]} gxh5 {[%emt 0:11:02]} 22. Bh6 {[%emt 0:09:09]} f5 {[%emt 0:00:17]} 23. gxf5 {[%emt 0:06:26]} Rxf5 {[%emt 0:01:13]} 24. Bxg7 {[%emt 0:01:07]} Kxg7 {[%emt 0:00:19]} 25. Bxf5 exf5 {[%emt 0:00:02]} 26. Rg1+ {[%emt 0:01:25]} Kh8 {[%emt 0:00:40]} 27. Qh6 {[%emt 0:00:41]} Qf8 {[%emt 0:01:25]} 28. Qxf8+ {[%emt 0:00:30]} Rxf8 {[%emt 0:00:02]} 29. Rc1 {[%emt 0:00:23]} 1-0

[Event "XIX Najdorf Memorial 2019"]
[Site "Warsaw"]
[Date "2019.07.13"]
[Round "8.3"]
[White "Jakubowski, Krzysztof"]
[Black "Kucza, Karol"]
[Result "1-0"]
[WhiteElo "2528"]
[BlackElo "2315"]
[Annotator "ChessBase"]
[PlyCount "57"]
[EventDate "2019.07.06"]
[EventType "swiss"]
[EventCountry "POL"]
[SourceTitle "playchess.com"]
[Source "ChessBase"]
[SourceQuality "1"]
[TimeControl "40/5400+30:1800+30"]

1. g3 Nf6 2. Bg2 d5 3. f4 c5 4. Nf3 g6 5. O-O Bg7 6. d3 b6 7. e4 {[%emt 0:06:27]} O-O 8. e5 Ne8 9. c4 Nc7 10. Nc3 d4 11. Ne4 Bb7 12. h4 Bxe4 13. dxe4 Nc6 14. h5 e6 15. Rf2 a6 16. Bf1 b5 17. Rh2 Qe7 18. b3 Rad8 19. a3 bxc4 20. bxc4 Qd7 21. Bd3 Rb8 22. Raa2 Na8 23. hxg6 fxg6 24. Rh3 Nb6 25. Rah2 h6 26. f5 Nxe5 27. Nxe5 Bxe5 28. Rxh6 gxf5 29. Qh5 1-0

[Event "XIX Najdorf Memorial 2019"]
[Site "Warsaw"]
[Date "2019.07.13"]
[Round "8.4"]
[White "Heberla, Bartlomiej"]
[Black "Galperin, Platon"]
[Result "1-0"]
[WhiteElo "2534"]
[BlackElo "2445"]
[Annotator "ChessBase"]
[PlyCount "55"]
[EventDate "2019.07.06"]
[EventType "swiss"]
[EventCountry "POL"]
[SourceTitle "playchess.com"]
[Source "ChessBase"]
[SourceQuality "1"]
[TimeControl "40/5400+30:1800+30"]

1. e4 c5 {[%emt 0:00:00]} 2. Nf3 {[%emt 0:15:26]} Nc6 {[%emt 0:00:00]} 3. Nc3 {[%emt 0:00:09]} d6 {[%emt 0:00:00]} 4. d4 {[%emt 0:00:05]} cxd4 {[%emt 0:00:00]} 5. Nxd4 {[%emt 0:00:03]} Nf6 {[%emt 0:00:00]} 6. Be2 {[%emt 0:00:02]} e5 {[%emt 0:00:00]} 7. Nf3 {[%emt 0:00:03]} h6 {[%emt 0:00:00]} 8. O-O {[%emt 0:00:04]} Be7 {[%emt 0:00:10]} 9. Re1 {[%emt 0:00:05]} O-O {[%emt 0:00:06]} 10. h3 {[%emt 0:00:02]} Be6 {[%emt 0:00:26]} 11. Bf1 {[%emt 0:00:03]} Qa5 {[%emt 0:00:07]} 12. a3 {[%emt 0:00:05]} Rac8 {[%emt 0:13:04]} 13. Rb1 {[%emt 0:01:16]} Nb8 {[%emt 0:02:02]} 14. Nh4 {[%emt 0:04:00]} Nc6 {[%emt 0:00:53]} 15. Nf3 {[%emt 0:05:27]} Nb8 {[%emt 0:00:30]} 16. Nb5 {[%emt 0:18:09]} d5 {[%emt 0:32:47]} 17. exd5 {[%emt 0:11:15]} Bxd5 {[%emt 0:10:27]} 18. Nxe5 {[%emt 0:22:45]} Rfd8 {[%emt 0:02:20]} 19. Bd2 {[%emt 0:03:13]} Qb6 {[%emt 0:02:15]} 20. Nc3 {[%emt 0:00:16]} Bc5 {[%emt 0:02:28]} 21. Nd3 {[%emt 0:00:37]} Bc6 {[%emt 0:00:30]} 22. Nxc5 {[%emt 0:00:30]} Qxc5 {[%emt 0:00:30]} 23. Be3 {[%emt 0:00:30]} Qa5 {[%emt 0:00:30]} 24. Qe2 {[%emt 0:00:30]} Nbd7 {[%emt 0:20:58]} 25. Rbd1 {[%emt 0:03:19]} Re8 {[%emt 0:00:01]} 26. Nb5 {[%emt 0:01:57]} Bxb5 {[%emt 0:06:42]} 27. Qxb5 {[%emt 0:00:02]} Qc7 {[%emt 0:00:10]} 28. c3 {[%emt 0:00:56]} 1-0

[Event "XIX Najdorf Memorial 2019"]
[Site "Warsaw"]
[Date "2019.07.13"]
[Round "8.4"]
[White "Janik, Igor"]
[Black "Bebel, Arkadiusz"]
[Result "1-0"]
[WhiteElo "2495"]
[BlackElo "2290"]
[Annotator "TA"]
[PlyCount "147"]
[EventDate "2019.07.06"]
[EventType "swiss"]
[EventCountry "POL"]
[SourceTitle "playchess.com"]
[Source "ChessBase"]
[SourceQuality "1"]

{[%evp 16,147,40,45,47,32,39,33,37,47,47,35,52,54,51,50,50,40,35,45,51,60,58,29,49,0,0,0,0,40,25,-1,-19,-96,-95,-96,-127,-127,-129,-126,0,0,40,46,38,0,0,0,0,0,0,0,0,-61,-42,-349,0,-425,0,0,0,0,0,0,0,0,0,0,0,0,0,0,163,155,258,261,245,122,123,60,60,65,77,79,70,91,201,201,201,201,201,201,201,201,201,201,293,293,293,293,678,652,1145,1063,5010,5102,5169,4872,4397,3785,3010,2380,1964,2170,2347,1561,29972,29973,29973,29974,29974,29975,29975,29976,29976,29977,29977,29978,29980,29979,29982,29983,29987,29987]} 1. d4 Nf6 2. c4 c5 3. d5 e6 4. Nc3 exd5 5. cxd5 d6 6. Nf3 g6 7. Bf4 a6 8. a4 Qe7 9. h3 Nbd7 {A61: Modern Benoni: Nf3 without early e4} 10. e3 Bg7 11. Be2 O-O {White is slightly better.} 12. O-O Ne8 (12... Rb8 13. Re1 Ne8 14. e4 Ne5 15. Nxe5 Bxe5 16. Qd2 Nf6 17. Bf1 Re8 18. Rad1 Bd4 19. b4 Nh5 20. Bh2 b6 21. b5 {½-½ (21) Ponomariov,R (2663)-Donchenko,A (2607) Germany 2019}) 13. Nd2 b6 14. Nc4 Rb8 15. Qb3 f5 16. Rfe1 g5 17. Bh2 f4 18. Bh5 $146 ({Predecessor:} 18. exf4 gxf4 {1-0 (42) Real de Azua,E (2482)-Palmero,P (2090) Buenos Aires 2017}) 18... Ne5 19. Bxe8 Qxe8 20. Nxd6 Qg6 21. Nxc8 Rbxc8 22. d6+ Kh8 23. Nd5 {[%cal Re3f4]} c4 24. Qxb6 (24. Qa3 $1 $11 Rcd8 25. exf4) 24... Rc6 $1 $17 {[%cal Rc6b6]} 25. Qb7 {[%cal Re3f4]} Rxd6 26. exf4 Rd7 27. Qb4 Nf3+ (27... Nd3 $17 28. Qxc4 Bxb2) 28. gxf3 $11 gxf4+ 29. Kh1 Rxd5 30. Qxc4 (30. Rg1 $5 {[%cal Rg1g6]} Qh6 31. Qxc4 $11) 30... Qh5 $1 {[%cal Rh5f3]} 31. Qe4 Re5 32. Qb7 Rd5 33. Ra3 Rg5 (33... Rg8 $5 34. Rg1 $8 Rdd8 $11) 34. Qd7 (34. Raa1 $1 $11) 34... Bxb2 $15 35. Rd3 $2 {[%mdl 8192]} (35. Rb3 $15) 35... Bf6 $2 ({Better is} 35... Rfg8 $1 $19 36. Rb1 (36. Bxf4 $2 Rd5 $19) 36... R5g7) 36. Rc1 $2 {[%mdl 8192] [#]} (36. Bxf4 $2 Rg7 $19) (36. Qd6 $11 Rgg8 37. Qd7) 36... Rg7 $2 (36... Rfg8 $1 $19 37. Qe6 R5g6) 37. Qd6 $11 {[%mdl 64] Double Attack} Be7 38. Qe6 h6 39. Rg1 {Threatens to win with Rxg7.} (39. Rc6 $2 Bf6 $19) 39... Rf6 $1 {[%cal Rf6e6]} 40. Qc8+ Rf8 $1 41. Qe6 $40 {[%mdl 128] Black needs to defend precisely.} (41. Qxa6 Rxg1+ 42. Kxg1 Rg8+ 43. Kf1 Qxh3+ 44. Ke2 Qxh2 $17) (41. Qc3 Bf6 $17) 41... Rf6 $1 {[%cal Rf6e6]} 42. Qd7 {Rxg7 is the strong threat.} Rfg6 $1 {[%cal Rg6g1]} 43. Rg4 {aiming for Qe8+.} Qe5 $2 (43... Bf6 $11 {and Black stays safe.} 44. Qe8+ Rg8) 44. Qd4 $18 Qe1+ {[#]} (44... Bf6 $16 45. Qe4 (45. Qxf4 Qe2 $16) 45... Qxe4 46. fxe4 Rxg4 47. hxg4 Be5) 45. Kg2 $1 {Black must now prevent Rxg6.} Kh7 46. Rd1 (46. Bxf4 $18 {is more deadly. Strongly threatening Rxg6.} h5 47. Re3) 46... Qe2 {And now ...h5 would win.} 47. Qd3 (47. Rd2 $16 Qe1 48. Qd3 (48. Bxf4 h5 $16) (48. Qxf4 Bg5 $11)) 47... Qxd3 $14 48. Rxd3 h5 49. Rxg6 Rxg6+ $16 {[%mdl 4096] Endgame KRB-KRB} 50. Kf1 Bg5 (50... Rd6 $16 {is a better defense.} 51. Rc3 Bg5) 51. Rd5 $18 Kh6 52. Rf5 Rc6 53. Bxf4 Bxf4 54. Rxf4 {KR-KR} Kg5 55. Rd4 Rc3 (55... Rc5 $142 56. Rb4 h4) 56. h4+ Kf5 57. Rd5+ Ke6 $2 (57... Kf4 58. Kg2 (58. Rxh5 Kxf3 59. Rf5+ Kg4 $18) 58... Ra3) 58. Rxh5 Rxf3 59. Rh6+ Ke7 60. Rxa6 Rh3 61. Kg2 Rxh4 62. Kg3 Rc4 63. Ra8 Rc3+ 64. Kg4 Kf7 65. a5 {[%cal Ba4a5,Ba5a6,Ba6a7][%mdl 32]} Ra3 66. a6 {White mates.} Ra5 67. f4 Kg7 68. a7 Ra4 69. Kg5 Ra6 70. f5 Ra5 71. Kf4 Ra6 72. Ke3 Kh7 73. f6 {[%mdl 64] Promotion} Rxf6 74. Rb8 {Accuracy: White = 58%, Black = 55%.} 1-0

[Event "XIX Najdorf Memorial 2019"]
[Site "Warsaw"]
[Date "2019.07.13"]
[Round "8.5"]
[White "Popovic, Dusan"]
[Black "Marczuk, Dominik"]
[Result "1-0"]
[WhiteElo "2487"]
[BlackElo "2300"]
[Annotator "ChessBase"]
[PlyCount "96"]
[EventDate "2019.07.06"]
[EventType "swiss"]
[EventCountry "POL"]
[SourceTitle "playchess.com"]
[Source "ChessBase"]
[SourceQuality "1"]
[TimeControl "40/5400+30:1800+30"]

1. d4 {[%emt 0:00:00]} Nf6 {[%emt 0:00:03]} 2. Nf3 {[%emt 0:00:00]} g6 {[%emt 0:00:21]} 3. Nbd2 {[%emt 0:00:00]} Bg7 {[%emt 0:00:37]} 4. e4 {[%emt 0:00:20]} d6 {[%emt 0:00:37]} 5. Bb5+ {[%emt 0:00:09]} c6 {[%emt 0:05:30]} 6. Bd3 {[%emt 0:00:05]} O-O {[%emt 0:00:13]} 7. O-O {[%emt 0:00:03]} Nbd7 {[%emt 0:01:29]} 8. Re1 {[%emt 0:00:08]} e5 {[%emt 0:01:01]} 9. c3 {[%emt 0:00:06]} Qc7 {[%emt 0:02:11]} 10. a4 {[%emt 0:04:21]} d5 {[%emt 0:12:25]} 11. exd5 {[%emt 0:12:53]} Nxd5 {[%emt 0:04:19]} 12. dxe5 {[%emt 0:00:13]} Nxe5 {[%emt 0:00:38]} 13. Nxe5 {[%emt 0:00:04]} Bxe5 {[%emt 0:00:06]} 14. Nf3 {[%emt 0:00:27]} Bg4 {[%emt 0:06:43]} 15. h3 {[%emt 0:00:35]} Bxf3 {[%emt 0:01:06]} 16. Qxf3 {[%emt 0:00:21]} Rfe8 {[%emt 0:08:13]} 17. g3 {[%emt 0:01:29]} Kg7 {[%emt 0:02:51]} 18. Bd2 {[%emt 0:10:34]} Qb6 {[%emt 0:08:06]} 19. Re2 {[%emt 0:00:34]} Re7 {[%emt 0:04:30]} 20. c4 {[%emt 0:22:17]} Nf6 {[%emt 0:09:52]} 21. a5 {[%emt 0:22:39]} Qc7 {[%emt 0:01:48]} 22. a6 {[%emt 0:01:01]} b6 {[%emt 0:01:46]} 23. Rae1 {[%emt 0:01:00]} Rae8 {[%emt 0:01:15]} 24. b4 {[%emt 0:01:12]} Qd6 {[%emt 0:08:45]} 25. Bc2 {[%emt 0:04:50]} Nd7 {[%emt 0:09:57]} 26. Ba4 {[%emt 0:06:14]} Re6 {[%emt 0:01:01]} 27. Rd1 {[%emt 0:02:10]} Qc7 {[%emt 0:00:55]} 28. Bg5 {[%emt 0:01:21]} f6 {[%emt 0:02:55]} 29. Bc1 {[%emt 0:04:55]} R8e7 {[%emt 0:00:55]} 30. Be3 {[%emt 0:02:57]} f5 {[%emt 0:03:25]} 31. c5 {[%emt 0:00:57]} Bf6 {[%emt 0:01:06]} 32. cxb6 {[%emt 0:00:53]} Nxb6 {[%emt 0:00:27]} 33. Bf4 {[%emt 0:00:44]} Qc8 {[%emt 0:00:17]} 34. Rxe6 {[%emt 0:00:29]} Rxe6 {[%emt 0:00:23]} 35. Bb3 {[%emt 0:00:48]} Re4 {[%emt 0:00:05]} 36. Qd3 {[%emt 0:00:34]} Rxb4 {[%emt 0:00:53]} 37. Qe3 {[%emt 0:00:25]} h5 {[%emt 0:01:06]} 38. Rd6 {[%emt 0:00:34]} Re4 {[%emt 0:00:18]} 39. Qd2 {[%emt 0:00:35]} Qxa6 {[%emt 0:00:25]} 40. Kg2 {[%emt 0:00:00]} Re2 {[%emt 0:00:00]} 41. Qd1 {[%emt 0:14:35]} Be7 {[%emt 0:08:25]} 42. Qd4+ {[%emt 0:04:51]} Kh7 {[%emt 0:00:15]} 43. Rf6 {[%emt 0:01:01]} Bxf6 {[%emt 0:01:12]} 44. Qxf6 {[%emt 0:00:09]} Qb7 {[%emt 0:13:37]} 45. Bf7 {[%emt 0:00:05]} c5+ {[%emt 0:00:29]} 46. Kf1 {[%emt 0:00:06]} Qh1+ {[%emt 0:02:08]} 47. Kxe2 {[%emt 0:00:04]} Qe4+ {[%emt 0:00:00]} 48. Be3 {[%emt 0:00:04]} f4 {[%emt 0:00:00]} 1-0

[Event "XIX Najdorf Memorial 2019"]
[Site "Warsaw"]
[Date "2019.07.13"]
[Round "8.5"]
[White "Gagare, Shardul"]
[Black "Bernadskiy, Vitaliy"]
[Result "0-1"]
[WhiteElo "2476"]
[BlackElo "2594"]
[Annotator "ChessBase"]
[PlyCount "160"]
[EventDate "2019.07.06"]
[EventType "swiss"]
[EventCountry "POL"]
[SourceTitle "playchess.com"]
[Source "ChessBase"]
[SourceQuality "1"]
[TimeControl "40/5400+30:1800+30"]

1. Nf3 {[%emt 0:02:58]} g6 {[%emt 0:03:10]} 2. c4 {[%emt 0:07:02]} Bg7 {[%emt 0:01:47]} 3. g3 {[%emt 0:01:19]} c5 {[%emt 0:03:27]} 4. Bg2 {[%emt 0:00:14]} Nc6 {[%emt 0:00:04]} 5. Nc3 {[%emt 0:00:33]} d6 {[%emt 0:00:04]} 6. d3 {[%emt 0:06:58]} e6 {[%emt 0:01:38]} 7. O-O {[%emt 0:00:19]} Nge7 {[%emt 0:00:02]} 8. a3 {[%emt 0:02:26]} b6 {[%emt 0:00:38]} 9. Bf4 {[%emt 0:01:47]} O-O {[%emt 0:03:11]} 10. Qc1 {[%emt 0:01:55]} Bb7 {[%emt 0:03:20]} 11. Bh6 {[%emt 0:01:20]} Qd7 {[%emt 0:03:06]} 12. Bxg7 {[%emt 0:07:26]} Kxg7 {[%emt 0:00:03]} 13. Rb1 {[%emt 0:10:43]} Rad8 {[%emt 0:01:21]} 14. e3 {[%emt 0:07:33]} h6 {[%emt 0:02:18]} 15. b4 {[%emt 0:00:43]} g5 {[%emt 0:02:16]} 16. Qb2 {[%emt 0:18:22]} f6 {[%emt 0:00:52]} 17. h3 {[%emt 0:00:32]} Ng6 {[%emt 0:14:42]} 18. d4 {[%emt 0:02:30]} cxd4 {[%emt 0:00:35]} 19. exd4 {[%emt 0:00:07]} e5 {[%emt 0:00:12]} 20. Rbd1 {[%emt 0:04:02]} Qf7 {[%emt 0:03:44]} 21. Nd5 {[%emt 0:03:35]} e4 {[%emt 0:03:02]} 22. Nd2 {[%emt 0:00:12]} f5 {[%emt 0:00:32]} 23. f3 {[%emt 0:02:03]} e3 {[%emt 0:00:42]} 24. Nxe3 {[%emt 0:00:13]} f4 {[%emt 0:00:02]} 25. gxf4 {[%emt 0:08:31]} Qxf4 {[%emt 0:00:06]} 26. Nd5 {[%emt 0:01:52]} Qxd4+ {[%emt 0:00:51]} 27. Qxd4+ {[%emt 0:00:07]} Nxd4 {[%emt 0:00:03]} 28. Ne4 {[%emt 0:00:31]} Nf5 {[%emt 0:00:42]} 29. Rf2 {[%emt 0:01:00]} Bxd5 {[%emt 0:00:49]} 30. Rxd5 {[%emt 0:00:54]} Nf4 {[%emt 0:00:07]} 31. Rdd2 {[%emt 0:00:33]} Nxg2 {[%emt 0:01:16]} 32. Kxg2 {[%emt 0:00:32]} Ne3+ {[%emt 0:00:03]} 33. Kg3 {[%emt 0:03:21]} Nxc4 {[%emt 0:00:04]} 34. Rd3 {[%emt 0:00:05]} d5 {[%emt 0:00:15]} 35. Nc3 {[%emt 0:01:16]} d4 {[%emt 0:02:32]} 36. Ne2 {[%emt 0:02:50]} Kg6 {[%emt 0:04:09]} 37. Rxd4 {[%emt 0:00:50]} Nxa3 {[%emt 0:00:03]} 38. Re4 {[%emt 0:00:44]} Nb5 {[%emt 0:00:32]} 39. f4 {[%emt 0:00:09]} Rfe8 {[%emt 0:02:15]} 40. Rxe8 Rxe8 {[%emt 0:00:00]} 41. Kf3 {[%emt 0:04:45]} Rc8 {[%emt 0:00:25]} 42. Rg2 {[%emt 0:07:10]} Kf6 {[%emt 0:01:53]} 43. Rg4 {[%emt 0:01:16]} gxf4 {[%emt 0:04:33]} 44. Rxf4+ {[%emt 0:00:05]} Ke7 {[%emt 0:00:12]} 45. Nd4 {[%emt 0:09:54]} Rc3+ {[%emt 0:01:29]} 46. Kg2 {[%emt 0:04:10]} Nxd4 {[%emt 0:07:06]} 47. Rxd4 {[%emt 0:00:02]} b5 {[%emt 0:00:09]} 48. Rh4 {[%emt 0:02:45]} Rc6 {[%emt 0:00:15]} 49. Rg4 {[%emt 0:03:30]} Kf6 {[%emt 0:00:57]} 50. Rh4 {[%emt 0:01:32]} Kg5 {[%emt 0:00:58]} 51. Rg4+ {[%emt 0:00:54]} Kh5 {[%emt 0:00:13]} 52. Rd4 {[%emt 0:00:58]} a6 {[%emt 0:00:55]} 53. Rd5+ {[%emt 0:00:45]} Kg6 {[%emt 0:00:57]} 54. Kg3 {[%emt 0:00:34]} Kf6 {[%emt 0:00:22]} 55. Rh5 {[%emt 0:00:30]} Ke7 {[%emt 0:00:04]} 56. Re5+ {[%emt 0:00:29]} Kd6 {[%emt 0:00:30]} 57. Rf5 {[%emt 0:00:15]} Kc7 {[%emt 0:00:56]} 58. h4 {[%emt 0:00:24]} Kb6 {[%emt 0:02:29]} 59. Rf8 {[%emt 0:00:09]} Rc3+ {[%emt 0:05:13]} 60. Kg2 {[%emt 0:00:03]} Rc4 {[%emt 0:02:29]} 61. Rf6+ {[%emt 0:00:05]} Rc6 {[%emt 0:00:09]} 62. Rf8 {[%emt 0:00:04]} a5 {[%emt 0:02:02]} 63. Rb8+ {[%emt 0:00:06]} Ka7 {[%emt 0:00:03]} 64. Rxb5 {[%emt 0:00:09]} a4 {[%emt 0:00:02]} 65. Rd5 {[%emt 0:02:44]} a3 {[%emt 0:00:03]} 66. Rd2 {[%emt 0:01:02]} Ra6 {[%emt 0:00:53]} 67. Ra2 {[%emt 0:00:28]} Kb6 {[%emt 0:00:04]} 68. Kf3 {[%emt 0:00:29]} Kb5 {[%emt 0:00:04]} 69. Kg4 {[%emt 0:00:12]} Kxb4 {[%emt 0:00:17]} 70. Kh5 {[%emt 0:00:07]} Kb3 {[%emt 0:02:05]} 71. Ra1 {[%emt 0:00:20]} a2 {[%emt 0:00:25]} 72. Rg1 {[%emt 0:00:20]} Rb6 {[%emt 0:00:31]} 73. Rf1 {[%emt 0:01:08]} Ka4 {[%emt 0:00:06]} 74. Ra1 {[%emt 0:00:11]} Ka3 {[%emt 0:00:41]} 75. Rf1 {[%emt 0:00:22]} Rb1 {[%emt 0:01:17]} 76. Rf8 {[%emt 0:01:06]} Rb5+ {[%emt 0:00:14]} 77. Kxh6 {[%emt 0:00:22]} Rb4 {[%emt 0:00:02]} 78. Rf3+ {[%emt 0:00:45]} Ka4 {[%emt 0:00:09]} 79. Rf8 {[%emt 0:00:41]} Rxh4+ {[%emt 0:00:09]} 80. Kg5 {[%emt 0:00:04]} Rb4 {[%emt 0:00:09]} 0-1

[Event "XIX Najdorf Memorial 2019"]
[Site "Warsaw"]
[Date "2019.07.13"]
[Round "8.6"]
[White "Fedorov, Alexei"]
[Black "Barski, Radoslaw"]
[Result "1-0"]
[WhiteElo "2551"]
[BlackElo "2468"]
[Annotator "ChessBase"]
[PlyCount "65"]
[EventDate "2019.07.06"]
[EventType "swiss"]
[EventCountry "POL"]
[SourceTitle "playchess.com"]
[Source "ChessBase"]
[SourceQuality "1"]
[TimeControl "40/5400+30:1800+30"]

1. e4 {[%emt 0:00:00]} e5 {[%emt 0:00:00]} 2. Nf3 {[%emt 0:00:03]} Nc6 {[%emt 0:00:00]} 3. Bc4 {[%emt 0:00:12]} Bc5 {[%emt 0:00:00]} 4. O-O {[%emt 0:00:22]} Nf6 {[%emt 0:00:07]} 5. d3 {[%emt 0:00:11]} a6 {[%emt 0:00:24]} 6. c3 {[%emt 0:00:19]} d6 {[%emt 0:00:19]} 7. Bb3 {[%emt 0:01:10]} Ba7 {[%emt 0:00:14]} 8. Nbd2 {[%emt 0:02:38]} O-O {[%emt 0:01:35]} 9. h3 {[%emt 0:01:29]} h6 {[%emt 0:13:48]} 10. Re1 {[%emt 0:00:59]} Nh5 {[%emt 0:01:07]} 11. Nf1 {[%emt 0:03:48]} Qf6 {[%emt 0:00:44]} 12. Be3 {[%emt 0:05:40]} Nf4 {[%emt 0:01:09]} 13. d4 {[%emt 0:09:17]} Ne7 {[%emt 0:05:29]} 14. Ng3 {[%emt 0:02:59]} Neg6 {[%emt 0:01:38]} 15. Bc2 {[%emt 0:00:21]} Re8 {[%emt 0:02:13]} 16. Nf5 {[%emt 0:05:28]} Be6 {[%emt 0:18:02]} 17. h4 {[%emt 0:10:36]} Bb6 {[%emt 0:19:20]} 18. g3 {[%emt 0:09:50]} Nh3+ {[%emt 0:01:47]} 19. Kg2 {[%emt 0:03:06]} d5 {[%emt 0:02:20]} 20. dxe5 {[%emt 0:09:21]} Nxe5 {[%emt 0:00:37]} 21. Nxe5 {[%emt 0:02:45]} dxe4 {[%emt 0:03:51]} 22. Nd4 {[%emt 0:04:25]} Qxe5 {[%emt 0:07:22]} 23. Nxe6 {[%emt 0:00:41]} Qxe6 {[%emt 0:11:39]} 24. Bxb6 Qxb6 {[%emt 0:00:50]} 25. Kxh3 {[%emt 0:02:31]} Qxf2 {[%emt 0:00:03]} 26. Rf1 {[%emt 0:01:43]} Qb6 {[%emt 0:01:17]} 27. Bb3 {[%emt 0:01:23]} Re7 {[%emt 0:00:39]} 28. Qd5 {[%emt 0:00:36]} Rf8 {[%emt 0:00:50]} 29. Rf4 {[%emt 0:02:34]} e3 {[%emt 0:02:19]} 30. Re1 {[%emt 0:03:12]} c6 {[%emt 0:03:15]} 31. Qf3 {[%emt 0:01:32]} Qc7 {[%emt 0:01:10]} 32. Rxe3 {[%emt 0:01:26]} Qd7+ {[%emt 0:00:02]} 33. g4 {[%emt 0:00:09]} 1-0

[Event "XIX Najdorf Memorial 2019"]
[Site "Warsaw"]
[Date "2019.07.13"]
[Round "8.6"]
[White "Abdumalik, Zhansaya"]
[Black "AlHuwar, Jasem"]
[Result "1-0"]
[WhiteElo "2458"]
[BlackElo "2255"]
[Annotator "TA"]
[PlyCount "109"]
[EventDate "2019.07.06"]
[EventType "swiss"]
[EventCountry "POL"]
[SourceTitle "playchess.com"]
[Source "ChessBase"]
[SourceQuality "1"]

{[%evp 18,113,59,47,68,66,64,32,47,40,50,46,51,41,56,29,30,35,41,37,88,68,65,76,64,37,57,63,177,163,228,227,204,171,167,173,407,404,430,425,447,445,444,417,1136,1074,1026,979,1374,1377,1258,1319,1216,1164,907,782,617,469,777,785,650,702,208,400,386,373,1132,1084,855,0,0,0,0,0,0,0,0,0,491,500,877,864,793,563,1106,1067,861,759,580,525,2039,1810,1587,29961,29959,29961,5210,938]} 1. e4 g6 2. d4 Bg7 3. Nc3 d6 4. f4 Nf6 5. Nf3 O-O 6. Bd3 c5 7. dxc5 dxc5 8. e5 Nd5 9. Nxd5 Qxd5 10. Qe2 Bg4 {B09: Pirc Defence: Austrian Attack} (10... Bf5 11. Bxf5 gxf5 12. O-O Nc6 13. Rd1 Qe6 14. Be3 b6 15. Ng5 Qg6 16. h4 h5 17. Bf2 Rad8 18. Rxd8 Rxd8 {0-1 (43) Aronian,L (2813)-Svidler,P (2769) Stavanger 2013}) 11. Be4 Qd7 12. O-O (12. Be3 {is interesting.} Na6 13. O-O Rad8 14. h3 Bf5 15. Rad1) 12... Bf5 $146 {White is slightly better.} ({Predecessor:} 12... Nc6 13. c3 Rad8 14. Be3 b6 15. h3 Bf5 16. Rfd1 Qc8 17. Bf2 Bxe4 18. Qxe4 {0-1 (39) Wrabel,A (1660)-Kwiek,J (1674) Warsaw 2015}) 13. Rd1 Qc8 14. Bd5 Na6 15. c3 Rb8 16. a4 {[%cal Ba2a4,Ba4a5][%mdl 32]} Nc7 17. Bb3 Be6 18. Bc2 Bd5 (18... Bf5 $14) 19. Ng5 f5 20. Be3 b6 21. a5 h6 22. Nf3 Qb7 ({Black should play} 22... Bf7 $14) 23. Nh4 Kh7 (23... Bf7 $142) 24. g4 {[%cal Rg4f5]} e6 25. c4 Bc6 26. Rd6 Rg8 $2 {[#]} (26... Be8 {keeps fighting.} 27. axb6 axb6) 27. a6 $1 $18 {[%mdl 512]} Qa8 (27... Nxa6 28. Rxe6) 28. Kf2 Bf8 {[#] ...Be7 is the strong threat.} 29. gxf5 $1 {[%mdl 512]} gxf5 {[#]} (29... exf5 30. Rxg6) 30. Rxe6 $1 {[%mdl 576] Remove Defender, Decoy} Nxe6 (30... Be4 $142) 31. Bxf5+ {[%mdl 64] Double Attack} Kh8 32. Bxe6 Be7 {[#]} 33. Qh5 $1 {[%cal Rh5h6]} Bxh4+ 34. Qxh4 {[%cal Rh4h6]} Rg2+ 35. Ke1 {[%cal Rh4h6]} Rg7 36. Qxh6+ Rh7 37. Qf6+ Rg7 {intending ...Rf8.} 38. Bf5 {Qh6+ would kill now.} Bd7 39. Bxd7 Qh1+ {[#]} 40. Ke2 $1 Qxa1 41. Bf5 Qxb2+ $2 (41... Re8 42. Be4 Qxb2+ 43. Bd2 Kg8 44. Bd5+ Kh8) 42. Bd2 {Threatening mate with Qh6+.} Re8 43. Qh6+ $2 $40 {[%mdl 128] White has some attack.} (43. Be4 $18 {White threatens Qh6+ and mate.} Kg8 44. Bd5+ Kh8 45. h4) 43... Kg8 $11 {Hoping for ...Rxe5+!} 44. Be4 {White wants to mate with Bd5+.} Rd8 $1 {[%cal Rd8d2]} 45. Bd5+ Rxd5 $1 46. Qe6+ {[%mdl 64] Double Attack} Kh7 47. Qxd5 {[%mdl 4096] Endgame And now f5 would win. KQR-KQB} b5 $2 {[%mdl 8192]} (47... Qb1 $11 {and Black has nothing to worry.}) 48. e6 $18 {Threatens to win with Qe4+.} ({Inferior is} 48. Qd3+ Kh8 $11) 48... Qc2 (48... Qd4 $142 49. Qxd4 cxd4) 49. Qd3+ Qxd3+ 50. Kxd3 {KR-KB} Kg6 51. cxb5 Kf5 52. Be3 Kxe6 53. Kc4 Kf5 54. Bxc5 Kxf4 {[#]} 55. Kb4 {Played: Bc5xa7} 1-0